[Event "Amsterdam Euwe Memorial"]
[Site "Amsterdam"]
[Date "1996.03.24"]
[Round "3"]
[White "Lautier, Joel"]
[Black "Timman, Jan H"]
[Result "1-0"]
[WhiteElo "2630"]
[BlackElo "2620"]
[Annotator "Dautov,R"]
[PlyCount "83"]
[EventDate "1996.03.22"]
[EventType "tourn"]
[EventRounds "9"]
[EventCountry "NED"]
[EventCategory "18"]
[SourceTitle "CBM 052"]
[Source "ChessBase"]
[SourceDate "1996.06.01"]
[SourceVersion "1"]
[SourceVersionDate "1996.06.01"]
[SourceQuality "1"]

1. d4 {Lautier Ftacnik Timman Tiviakov} Nf6 2. c4 e6 3. Nf3 b6 4. a3 Ba6 5. Qc2
Bb7 6. Nc3 c5 7. e4 cxd4 8. Nxd4 Nc6 9. Nxc6 Bxc6 10. Bf4 Bc5 11. Be2 O-O 12.
O-O-O {Ftacnik: Certainly more risky than castling on the short side, but
white wins tempo by putting the rook on d1 and solving king's location at the
same time.} (12. e5 {Ftacnik} Nh5 $1 13. Bxh5 Qh4) 12... Ne8 13. Bg3 e5 14. Kb1
(14. Bxe5 {Ftacnik} Bxf2) 14... Bd4 $146 (14... f6 15. f4 Bd4 16. Bf3 Qe7 17.
Nd5 Bxd5 18. exd5 Rc8 19. Rhe1 Qc5 20. fxe5 fxe5 21. Bxe5 Bxe5 22. Rxe5 Nd6 $10
{Piket,J-Nijboer,F/Linares zt (04) ;CBM 51 1995}) (14... Qe7 15. Rhe1 Bd4 16.
Nd5 $2 (16. Bd3 $5) 16... Bxd5 17. exd5 Qf6 18. Bd3 g6 19. Re4 Nd6 20. Bh4 g5
$1 21. Rxd4 exd4 22. Bxh7+ Kg7 23. Bg3 Nxc4 $17 {Timman,J-Tiviakov,S/Wijk (05)
;CBM 51 1996}) 15. Nb5 $5 (15. Bd3 Nc7 16. Ne2 Ne6 17. Nxd4 Nxd4 18. Qc3 f6 19.
f4 Qe7 {/\} (19... d6 20. f5 $14 {/\Bf2}) 20. Bf2 Ne6 21. f5 Nc5 $13 {Tiviakov}
) 15... Bxb5 16. cxb5 Qe7 {/\ Nd6} 17. Rxd4 $5 (17. Bc4 {Ftacnik} Nd6 $13 (
17... Nd6 {Lautier} 18. Bd5 Rac8 19. Qb3 $13)) 17... exd4 18. Rd1 d5 $5 (18...
Nf6 $6 19. e5 Rfc8 20. Qd3 Ne8 21. Bf3 Rab8 22. Qxd4 $16) (18... Qc5 19. b4 (
19. Qa4 Rc8 $13 (19... Rc8 {Ftacnik} 20. e5 d6 (20... f6 21. Rxd4 Qc1+ 22. Ka2
fxe5 23. Rxd7 Rc7 24. Rxc7 Qxc7 25. Qe4 $14) 21. Bg4 Rc7 $15)) (19. Qc4 Nf6 20.
Rxd4 Rac8 21. e5 Rfe8 $13) 19... Qxc2+ (19... Qe7 20. Rxd4 $14) 20. Kxc2 Rc8+
21. Kb2 Nf6 22. Rxd4 Rfe8 23. Bd3 $14) (18... f5 $5 {Lautier} 19. exf5 Qc5 $1
20. Qc4+ Kh8 21. Rxd4 (21. Qxd4 Qxf5+ 22. Bd3 Qh5 $13) 21... Qxf5+ 22. Bd3 Qf7
$13) 19. exd5 Nd6 (19... Nf6 20. d6 Qd7 21. Rxd4 $16) 20. Bd3 $1 (20. Rxd4 Rac8
21. Qd3 (21. Qd2 {Lautier} Rfe8 22. Bd3 Qd7 $132 {/\ Nf5, >< b5}) 21... Rfe8
$132) 20... h6 $2 (20... Rac8 $1 21. Qa4 (21. Bxh7+ $2 Kh8 22. Qd3 g6 23. Bxd6
Qxd6 24. Qh3 Kg7 $17) 21... Ne4 22. Qxd4 Nxg3 23. hxg3 Qc5 $10) (20... Rfc8
$142 {Timman}) (20... Rfc8 $1 {Lautier} 21. Qe2 $1 (21. Bxh7+ $2 Kh8 22. Qd3 g6
23. Bxg6 fxg6 24. Qxg6 Qe4+ 25. Qxe4 Nxe4 $17) (21. Qa4 $6 Qf6 $15) 21... Qxe2
22. Bxe2 $10) 21. Qa4 Qf6 $6 (21... Rac8 22. Qxd4 Rfe8 23. Qf4 Red8 24. h4 Rc5
25. a4 $14) 22. Rc1 {/\ Rc6} Nf5 $2 (22... Rfd8 23. Rc6 $14) (22... Qe7 $5 {
Ftacnik}) 23. Bc7 (23. Rc6 Qg5 24. h4 (24. Be5 {Lautier} Qd2 $1 25. Bxf5 Qe1+
26. Ka2 Qxe5 $17) 24... Qg4) 23... Nh4 (23... Rfc8 24. Rc6 Qg5 25. d6 $16) (
23... Ne7 24. d6 Nd5 25. f3 Qe5 26. g4 a6 27. bxa6 Nxc7 28. dxc7 Rfc8 29. Qd7
$16) (23... Rfe8 $16 {Lautier}) 24. f4 $1 $16 Nxg2 25. Be5 Qh4 (25... Qd8 26.
Qxd4 f6 27. Qe4 $18) 26. Qxd4 Ne1 (26... f6 27. Qe4 fxe5 28. Qh7+ Kf7 29. Rc7+
Ke8 30. Qg6+ $18) (26... Rfc8 27. Rg1 Qxh2 28. Bxg7 $18) (26... Rac8 27. Rg1 f6
28. Qe4 fxe5 29. Rxg2 $18) 27. Qg1 $1 (27. Bxg7 $6 {Lautier} Nf3 $132) 27... f6
28. Qxe1 (28. Rc7 g5 $13 (28... g5 29. fxg5 Qxg5 (29... Nf3 30. Rg7+ $3 Kh8 31.
Rh7+ Kg8 32. gxf6+ Nxg1 33. f7+ Rxf7 34. Rh8#) (29... hxg5 30. Bg3 Nf3 31. Qe3
Qh5 32. Bh7+ Kh8 33. Be4 $18) 30. Bxf6 Rxf6 31. Qxe1 $16) (28... Rf7 29. Rxf7
Kxf7 30. Qg6+ Kg8 31. Qh7+ Kf8 32. Bd6+ $18)) (28. Rxe1 $142 {Lautier} fxe5 29.
fxe5 $18 {/\ e6, /\ Re2, Qg6->}) 28... Qxe1 29. Rxe1 fxe5 30. fxe5 {Ftacnik:
It is not possible to have the marching pawns more tidy, the spare exchange is
a poor compensation.} Kf7 (30... Rf2 31. d6) (30... g5 31. e6 Rf3 32. Be4 Rf6
33. d6 $18) 31. h4 $1 $18 (31. d6 Ke6 32. Bc4+ Kd7 $16) 31... g5 (31... Rad8
32. d6 Ke6 33. Bc4+ Kd7 34. e6+ Kxd6 35. e7 $18) 32. hxg5 hxg5 33. Bf5 Rad8 (
33... Ke7 {Ftacnik} 34. d6+ Kd8 35. Be4 $18) (33... Ke8 {Lautier} 34. Be6 $18 {
/\ d6, Rh1}) (33... Kg7 {Lautier} 34. Bd7 $18) 34. d6 Kg7 35. Bg4 Rh8 (35...
Rf4 36. e6 $18 (36. e6 $1 Rxd6 (36... Rxg4 {Lautier} 37. e7 $18) 37. e7 $18))
36. Kc2 Rh4 37. Re4 Rxg4 (37... Kf8 38. Kc3 Rh2 (38... Ke8 39. Kc4 $18) 39. b3
Ke8 40. a4 $18 {/\Kc4-d5}) 38. Rxg4 Kf7 39. Rxg5 Ke6 40. Kd3 Rh8 41. Ke3 Rh1 (
41... Rh3+ 42. Kf4 Rh4+ 43. Rg4 Rh6 44. Ke4 $18) 42. Rg8 (42. Rg8 {Lautier}
Re1+ 43. Kd4 Rd1+ 44. Kc4 Kxe5 45. Re8+ Kf6 46. Re7 Rxd6 47. Rxa7 $18 {/\
Rc7-c6}) 1-0

[Event "Pamplona 9495 5th"]
[Site "Pamplona"]
[Date "1994.??.??"]
[Round "?"]
[White "Franco Ocampos, Zenon"]
[Black "Zvjaginsev, Vadim"]
[Result "0-1"]
[WhiteElo "2490"]
[BlackElo "2585"]
[Annotator "Dautov,R"]
[PlyCount "78"]
[EventDate "1994.12.??"]
[EventType "tourn"]
[EventRounds "9"]
[EventCountry "ESP"]
[EventCategory "13"]
[SourceTitle "CBM 046"]
[Source "ChessBase"]
[SourceDate "1995.06.01"]
[SourceVersion "1"]
[SourceVersionDate "1995.06.01"]
[SourceQuality "1"]

1. c4 b6 2. Nc3 Bb7 3. d4 e6 4. a3 Nf6 5. Nf3 g6 6. Qc2 Bg7 7. e4 O-O 8. Be2 $6
{Ein "normaler", aber nicht der beste Zug. Auf den drohenden schwarzen Angriff
im Zentrum d7-d5 sollte sich Weiß besser vorbereiten.} (8. Bd3 d5 9. cxd5 exd5
10. e5 Nfd7 11. O-O c5 12. Re1 Nc6 13. Nb5 cxd4 14. Bf4 Nc5 15. Nd6 Nxd3 16.
Qxd3 Qd7 17. Qb5 Rad8 $13 {Zvjaginsev,V-Guedon,S/Cappelle op 1993}) (8. Bg5
$142 h6 9. Be3) 8... d5 $1 9. cxd5 exd5 10. e5 Ne4 11. O-O (11. Bd3 Nxc3 12.
bxc3 c5 13. Qe2 Qc8 14. O-O Ba6 15. Be3 Bxd3 16. Qxd3 c4 17. Qc2 Nc6 18. Nh4 b5
19. f4 f5 20. Rae1 a5 21. Bd2 b4 22. g4 Qd8 23. Nf3 bxc3 24. Bxc3 fxg4 25. Ng5
$15 {Cepon,D-Podlesnik,B/SLO-ch 1992}) 11... c5 12. dxc5 (12. Be3 Nd7 13. Rfd1
cxd4 14. Bxd4 Qe7 {><e5}) 12... bxc5 13. Bf4 Nd7 $15 {Schwarz hat seine Idee
erfolgreich verwirklicht. Das weiße Zentrum ist zerstört, sein Rest, der Pe5,
ist sehr schwach. Dazu bekam Schwarz einen starken Freibauern auf d5.} 14. Rfd1
Nxc3 15. Qxc3 d4 16. Qe1 Re8 17. b4 {Nun versucht Weiß, die gegnerischen
Zentralbauern zu vernichten, was ihm aber nicht ganz gelingt.} Nxe5 (17... Bxf3
18. Bxf3 Rc8 19. Bg4 (19. bxc5 Nxe5 20. Bxe5 Rxe5 21. Qd2 Rexc5 $17) 19... Nxe5
20. Bxc8 Nf3+ 21. gxf3 Rxe1+ 22. Rxe1 Qxc8 23. bxc5 $13) 18. Bxe5 Bxe5 19. bxc5
(19. Nxe5 $2 Rxe5 20. bxc5 Qe7 $19) 19... Qf6 $6 {Schwarz verzichtet auf die
verlockende Möglichkeit, die gegnerische Dame zu gewinnen:} (19... Bxf3 20.
Bxf3 Bxh2+ 21. Kxh2 Rxe1 22. Rxe1 Rb8 $1 (22... Rc8 23. c6) 23. c6 Rb2 24. Kg1
d3 $17) 20. Nxe5 Rxe5 21. Qd2 Rg5 22. Bf1 Rd8 23. Rac1 Bc6 $15 24. Rc4 Rg4 25.
h3 Rh4 26. f3 (26. Rb4 $2 Rxh3 $1 27. Rxd4 (27. gxh3 $2 Qf3 28. Kh2 Qh1+ 29.
Kg3 Qg1+ 30. Kf4 h6 31. Ke5 Rd5+ 32. Ke4 Rf5+ 33. Kd3 Rxf2 $17) 27... Rxd4 28.
Qxd4 Qxd4 29. Rxd4 Rc3 30. Bc4 Kf8 $17) 26... Rf4 27. Qf2 h5 {Der Vorteil von
Schwarz besteht darin, daß all seine Figuren aktive und sichere Stellungen
haben. Sein Plan ist nun klar - der Angriff auf dem Königsflügel.} 28. Be2 {
/\g3} h4 29. Rb4 g5 30. Rd2 Kg7 31. Bb5 $2 {Ungeduld in der schlechten
Stellung, nach dem Läuferabtausch gerät der weiße Pc5 unter Beschuß.} Bxb5 32.
Rxb5 Qc6 33. Qf1 (33. Ra5 Qc7 34. Rb5 Rd5 35. Rc2 d3 36. Rd2 Rc4 $17 {/\Rc1}) (
33. a4 Rd5 $17) 33... Re8 $1 {Die entscheidende Aktivisierung des Turmes.} 34.
Rd1 Re3 35. a4 g4 $1 {Gegen diesen gewinnbringenden Durchbruch gab es bereits
keine Verteidigung. Alle schwarze Figuren stürzen sich auf den weißen König.}
36. hxg4 h3 37. Rb2 hxg2 38. Rxg2 Rexf3 39. Qc4 Qe4 (39... Qe4 40. Qe2 Re3 41.
Qd2 d3 42. Qc3+ Kh7 43. Rh2+ Kg6 $19) 0-1

[Event "Akureyri"]
[Site "Akureyri"]
[Date "1994.??.??"]
[Round "?"]
[White "Van Wely, Loek"]
[Black "Jonsson, Bjorgvin"]
[Result "1-0"]
[WhiteElo "2570"]
[BlackElo "2380"]
[Annotator "Dautov,R"]
[PlyCount "59"]
[EventDate "1994.02.??"]
[EventType "tourn"]
[EventRounds "11"]
[EventCountry "ISL"]
[EventCategory "10"]
[SourceTitle "CBM 040"]
[Source "ChessBase"]
[SourceDate "1994.06.01"]
[SourceVersion "1"]
[SourceVersionDate "1994.06.01"]
[SourceQuality "1"]

1. d4 Nf6 2. c4 e6 3. Nf3 b6 4. Nc3 Bb7 5. a3 d5 6. Bg5 Be7 7. Qa4+ Nbd7 8.
Bxf6 Bxf6 9. cxd5 exd5 10. g3 c5 (10... a6 11. Rd1 O-O (11... Qe7 $5 12. Bh3
Rd8 13. O-O O-O 14. b4 b5 15. Qb3 Nb6 $10) 12. Bh3 b5 13. Qc2 Re8 14. O-O Nb6
15. e3 Bc8 16. Bxc8 Qxc8 17. Ne2 Qg4 18. Kg2 $14 {->Van Wely-Van der Wiel/Wijk/
1994}) (10... O-O $5 11. Bh3 Nb8 12. O-O $14) 11. Bh3 a6 12. dxc5 $1 (12. Rd1
b5 13. Qc2 c4 14. O-O O-O 15. e4 dxe4 16. Ne5 Nb6 17. Bg2 Bxe5 18. dxe5 Qc7 $10
{Boensch-Stohl/Brno/1993}) 12... bxc5 13. e4 d4 $8 (13... Bxc3+ $2 14. bxc3
dxe4 15. Ne5 $18) (13... dxe4 $2 14. O-O-O $18) 14. Nd5 Bxd5 15. exd5 Ra7 16.
O-O O-O 17. Qc6 $1 Qc8 $6 (17... Rc7 $6 18. Qxa6 c4 19. Rfd1 c3 20. bxc3 dxc3
21. d6 Rc5 22. Rac1 $16) (17... Ne5 $6 18. Nxe5 Bxe5 19. Qxc5 Rc7 (19... Rb7
20. Rfe1 $16) 20. Qa5 Rc2 21. Qxd8 $1 (21. Qxa6 Qxd5 22. b4 d3 $44) 21... Rxd8
22. Rfe1 Rxd5 $2 23. Bg2 Rb5 24. a4 $18) (17... d3 $5 18. Rab1 (18. Rad1 Bxb2
19. Rxd3 Qc8 20. Rb1 c4 $13) 18... Ne5 19. Nxe5 Bxe5 20. Qxc5 (20. Rfd1 Rc7 21.
Qxa6 c4 22. Bg2 Qd6 23. Qxd6 Bxd6 $44) 20... Rc7 21. Qa5 Rc2 22. Qxa6 Qxd5 $44)
18. Rac1 $16 {/\Rc5} Rc7 19. Bxd7 Rxc6 (19... Qxd7 20. Qxd7 Rxd7 21. Rxc5 Rfd8
22. Ra5 Rxd5 (22... Rd6 23. Rd1 $16) 23. Rxa6 d3 24. Rb6 $16) 20. dxc6 $1 Qc7
21. Rxc5 Qd6 22. b4 g6 23. Rd1 {/\Bh3,c7} d3 24. Bh3 $18 Bd8 25. Ne5 d2 (25...
Bb6 26. Nc4 $18) 26. Nc4 Qe7 27. Rxd2 Qe1+ 28. Bf1 Bb6 $2 (28... Bc7 29. Rd7
Rc8 30. Nd6 Bxd6 31. Rxd6 $18) 29. Nxb6 Qxd2 30. c7 1-0

[Event "EU-Cup 10th Group6"]
[Site "Lubniewice"]
[Date "1994.??.??"]
[Round "2"]
[White "Ehlvest, Jaan"]
[Black "Rozentalis, Eduardas"]
[Result "1-0"]
[WhiteElo "2600"]
[BlackElo "2595"]
[Annotator "Dautov,R"]
[PlyCount "99"]
[EventDate "1994.??.??"]
[EventType "team-k.o."]
[EventRounds "3"]
[EventCountry "POL"]
[SourceTitle "EXT 2020"]
[Source "ChessBase"]
[SourceDate "2019.10.17"]
[SourceVersion "1"]
[SourceVersionDate "2019.10.17"]
[SourceQuality "1"]
[WhiteTeam "Paide MK"]
[BlackTeam "Vilnius Kaise"]
[WhiteTeamCountry "EST"]
[BlackTeamCountry "LTU"]

1. d4 Nf6 2. c4 e6 3. Nf3 b6 4. Nc3 Bb7 5. a3 d5 6. Qc2 Be7 7. cxd5 exd5 8. g3
O-O 9. Bg2 Nbd7 10. O-O c5 11. Rd1 Rc8 12. Qf5 Re8 (12... g6 13. Qh3 Re8 14.
Bg5 (14. Bf4 $5) (14. dxc5 $5 bxc5 15. Ng5 Nf8 16. Nge4 Qb6 $2 (16... N8d7 $1
17. Nxf6+ Nxf6 {~ Vladimirov}) 17. Nxf6+ Bxf6 18. Nxd5 Bxd5 19. Bxd5 c4 20. Qg4
{+/- Kharitonov-Vladimirov/Irkutsk/1983}) 14... c4 15. Ne5 Nf8 16. Bxf6 Bxf6
17. Ng4 Bg7 18. Nh6+ Bxh6 19. Qxh6 a6 {= Tregubov-Zagrebelny/Alushta/ 1994})
13. Bf4 g6 (13... Bf8 14. Rac1 g6 15. Qh3 a6 16. dxc5 bxc5 17. Ne1 Qb6 18. Nxd5
Nxd5 19. Bxd5 Bxd5 20. Rxd5 Nf6 21. Rd2 {+/- ->Ehlvest-Sturua/Moscow olm/1994})
14. Qh3 c4 15. Ne5 Nf8 16. Ng4 Nxg4 (16... Ne6 17. Nxf6+ Bxf6 18. Be5 {+=}) 17.
Qxg4 Nd7 $6 (17... f5 $6 18. Qf3 Ne6 19. Be5 $1 (19. Nxd5 Nxf4 20. gxf4 Bf8 21.
e3 Rc7 {-/+ /\Rd7}) 19... Ng5 20. Qe3 Nf7 21. f4 {+=}) (17... Ne6 $1 18. Be5 (
18. Qf3 Nxf4 19. gxf4 Bf8 20. e3 f5 {=}) 18... Qd7 {/\} 19. e4 $2 dxe4 20. Bxe4
(20. d5 $2 Nc5 21. Qxd7 Nxd7 {-/+}) 20... Bxe4 21. Qxe4 Ng5 {=}) 18. Be5 $1 Nf6
19. Qf4 $1 (19. Qf3 Ne4 $1 $132) 19... a6 20. h4 {+/- ><d5} b5 21. e3 (21. g4
$5 {/\g5} Nd7 22. g5 f6 23. Nxd5 $1 (23. gxf6 Bxf6 24. Nxd5 Bxe5 25. dxe5 Rxe5
{~}) 23... fxe5 24. dxe5 $36) 21... Rc6 (21... Bc6 22. g4 $36 (22. Bxf6 Bxf6
23. Bxd5 Bxd5 24. Nxd5 Bxh4 25. e4 Bg5 26. Qf3 {+=})) 22. e4 (22. g4 $1 {+/- >=
}) 22... Re6 $2 (22... Nxe4 $2 23. Nxe4 dxe4 24. Bxe4 Rb6 (24... f6 25. Qf3 {
+/-}) 25. Bc7 Qa8 26. Bxb6 Bxe4 27. Kh2 {+/-}) (22... dxe4 $1 23. d5 Rc8 24. d6
Nh5 $1 25. Qe3 Bf6 $1 (25... Bg5 $5 26. hxg5 Rxe5 27. Bxe4 {+=}) 26. d7 Rxe5 (
26... Bxe5 27. Bxe4 Bxc3 28. Bxb7 Qxd7 29. Rxd7 Rxe3 30. fxe3 Bxb2 31. Bxc8
Bxa1 32. Bxa6 {+/-}) 27. dxc8=Q Qxc8 28. Nxe4 Bxe4 29. Bxe4 Qg4 30. Re1 Bxh4
31. Qf3 Qxf3 32. Bxf3 Bf6 {=}) 23. Bh3 Nxe4 24. Bxe6 fxe6 25. h5 $1 g5 26. Qg4
Bf6 27. h6 Qe7 (27... Nd6 28. f4 Nf7 29. Qh5 {+/-}) 28. f4 Rf8 29. Rf1 Nd2 30.
Rf2 Ne4 31. Rff1 Nd2 32. Rf2 Ne4 33. Bxf6 Qxf6 34. Nxe4 dxe4 35. Qxg5+ Qxg5 36.
fxg5 Rf3 37. Rxf3 exf3 38. g6 $1 hxg6 39. g4 {+-} a5 (39... g5 40. Re1 Bd5 41.
Re5 Kh7 42. Rxg5 Kxh6 43. Rg8 {+-}) 40. g5 Bd5 41. Kf2 Kh8 42. Ke3 Kg8 43. Rf1
b4 (43... Kh8 44. Rh1 Kg8 45. Rh4 Kh8 46. Rf4 {+-}) 44. axb4 axb4 45. Ra1 b3
46. Ra4 Kh8 47. Rb4 Kh7 48. Rb5 Be4 (48... Kg8 49. Rb8+ Kh7 50. Rc8 {+-}) 49.
Rc5 Bd5 50. Rc8 1-0

[Event "Olympiad-31"]
[Site "Moscow"]
[Date "1994.12.09"]
[Round "8.4"]
[White "Sakaev, Konstantin"]
[Black "Veingold, Aleksandr"]
[Result "1-0"]
[WhiteElo "2555"]
[BlackElo "2430"]
[Annotator "Dautov,R"]
[PlyCount "78"]
[EventDate "1994.12.01"]
[EventType "team-swiss"]
[EventRounds "14"]
[EventCountry "RUS"]
[SourceTitle "CBM 045"]
[Source "ChessBase"]
[SourceDate "1995.04.01"]
[SourceVersion "1"]
[SourceVersionDate "1995.04.01"]
[SourceQuality "1"]
[WhiteTeam "Russia II"]
[BlackTeam "Estonia"]
[WhiteTeamCountry "RUS"]
[BlackTeamCountry "EST"]

1. d4 {Kharitonov} Nf6 2. c4 e6 3. Nf3 b6 4. a3 Bb7 5. Nc3 d5 6. Qc2 dxc4 7. e4
(7. Bg5 {Kharitonov} Nc6 $5 (7... h6 8. Bxf6 Qxf6 9. e4 $16 {Dreev/}) 8. Rd1
Be7 9. e4 Na5 10. Ne5 Nd7 11. Bxe7 Qxe7 12. Nxc4 Nxc4 13. Bxc4 O-O 14. O-O $14
{Dreev,A-Almasi,Z/Tilburg/1994/1:0/35/}) 7... c5 8. d5 (8. dxc5 {Kharitonov}
Bxc5 9. Bxc4 Nbd7 10. O-O Qc7 11. Bd3 a6 12. Bg5 Ng4 (12... Ne5 $1 13. Nxe5
Qxe5 14. Bh4 Nh5 15. Qa4+ Kf8 16. Qd7 g5 $1 $17 {Sokolov,I-Polugaevsky,L/NED/
1994/1:0/24/}) 13. Qe2 Bd6 14. h3 Nh2 15. Nxh2 Bxh2+ 16. Kh1 Bf4 17. Nd5 $1 $14
{Piket,J-Van der Wiel,J/1:0/56/}) 8... exd5 9. exd5 a6 (9... Nxd5 $6 {
Kharitonov} 10. Bxc4 Qe7+ (10... Nxc3 11. Qxc3 $36) 11. Kf1 Nxc3 12. Qxc3 $40)
(9... Qe7+ {Kharitonov} 10. Be3 Nxd5 (10... Ng4 11. O-O-O Nxe3 12. fxe3 Qxe3+
13. Kb1 $36) 11. Nxd5 Bxd5 12. Bxc4 Bxc4 13. Qxc4 Nc6 14. O-O-O $40) 10. Bxc4
b5 11. Ba2 Be7 (11... b4 12. Na4 Nbd7 13. O-O Bd6 14. Re1+ Kf8 15. Bg5 a5 16.
Rad1 Qc7 17. Nh4 $36 {->Lputian-Timoshenko/EUCup f Lyon/1994}) (11... Nxd5 $2 {
Kharitonov} 12. Qe4+ Qe7 13. Bxd5 Bxd5 14. Qxe7+ $18) 12. O-O O-O (12... Nxd5 {
Kharitonov} 13. Nxd5 Bxd5 14. Rd1 $18) 13. Bg5 Nbd7 (13... Nxd5 $2 {Kharitonov}
14. Bxd5 Bxd5 15. Bxe7 $18) 14. Rad1 Qb6 (14... Ne8 $6 {Kharitonov} 15. Bxe7
Qxe7 16. Rfe1 $16) 15. Nh4 Rfe8 (15... h6 $6 16. Nf5) (15... g6 $2 16. Nxg6 $1
(16. d6 {Kharitonov} Bxd6 (16... Bd8 17. Bh6 Re8 18. Nxg6 $18) 17. Nxg6 Rfe8
18. Nh4 $16) 16... hxg6 17. d6 Qc6 18. f3 Bd8 19. Qxg6+ Kh8 20. Bxf7 $16 {->})
16. Nf5 Bd6 (16... Bf8 $5 17. d6 c4 $132 18. Bb1 (18. Bf4 Nh5) (18. Rfe1 $16 {
Kharitonov}) 18... g6 19. Nh6+ Kg7 20. Qd2 Re6 $13) 17. Nxd6 (17. Bh4 $5 {
Kharitonov}) 17... Qxd6 18. Bh4 Nh5 $1 (18... c4 19. Bg3 Qc5 20. b4 cxb3 (20...
Qb6 21. Bb1 $14) 21. Qxb3 Rac8 22. Rd3 $14) 19. Qf5 (19. Ne4 $2 {Kharitonov}
Qf4 20. Ng5 Ndf6 21. Nf3 c4) 19... Ndf6 (19... g6 $2 20. Ne4 $1 Qb6 21. Qxd7
Rxe4 22. Be7 $16) (19... Re5 $6 20. Ne4 $1) 20. Rfe1 {<-> e} (20. f3 Re5 21.
Qc2 Rae8 (21... Nxd5 $4 22. f4 $18) 22. Bb1 g6 23. Ne4 Nxe4 24. fxe4 Rxe4 25.
Qxe4 Rxe4 26. Bxe4 Nf4 $13) 20... c4 (20... Rxe1+ $5 21. Rxe1 c4 22. Bxf6 (22.
g4 Qf4 $1 $132) (22. Bb1 g6 23. Qg5 Nxd5 24. Rd1 Nhf4 (24... f6 25. Qd2 Nhf4
26. Be4 Rd8 27. Bxd5+ Nxd5 28. Ne4 $16) 25. Be4 (25. Bg3 $6 Re8 26. h3 (26.
Nxd5 Qxd5 $1 $17) 26... Nxc3 $1 27. Rxd6 Nxh3+ $1 28. Kh2 Nxg5 29. bxc3 $17)
25... f6 26. Rxd5 (26. Bxd5+ Bxd5 27. Qg4 Nd3 (27... f5 $5) 28. Qd4 Rd8 $10)
26... Nxd5 (26... fxg5 $2 27. Rxd6 Bxe4 28. Bxg5 $18) 27. Bxd5+ Bxd5 28. Qxd5+
Qxd5 29. Nxd5 Rd8 30. Nxf6+ Kf7 $13) (22. Rd1 Re8 {/\Re5}) 22... Nxf6 23. Bb1
g6 24. Qg5 Rd8 $10) 21. f3 Rxe1+ 22. Bxe1 (22. Rxe1 {Kharitonov} Bxd5 23. Rd1
Be6 $2 24. Rxd6 Bxf5 25. g4 $18) 22... Re8 23. Bb1 g6 (23... Re5 $1 24. Qc2
Bxd5 25. Qd2 $5 (25. Nxd5 Rxd5 26. Rxd5 Qxd5 $15) (25. Bf2 $5 $44) 25... Qe6 (
25... Qe7 26. Bh4 $44) (25... Qc6 {Kharitonov} 26. Bf2 $146) 26. Bf2 $44) 24.
Qg5 Nxd5 $2 (24... Qf4 25. Qxf4 Nxf4 26. d6 Nd7 $14 {/\f6,Kf7}) (24... Re5 {
Kharitonov} 25. Qd2 Nxd5 26. Bf2 $146) 25. Nxd5 Re5 (25... Bxd5 26. Be4 (26.
Bc3 Nf4) 26... Nf4 (26... Re5 {Kharitonov} 27. Qd2 Nf6 28. Bg3 Qb6+ 29. Kh1 Rh5
$13) 27. Bxd5 Nxd5 28. Bg3 Qb6+ 29. Bf2 Ne3 30. Re1 $18) 26. Ne7+ $1 Qxe7 27.
Rd8+ Kg7 28. Qxe5+ Qxe5 29. Bc3 $18 Qxc3 30. bxc3 Nf6 31. Kf2 Bd5 32. Ke3 Be6
33. Kd4 h5 34. Be4 h4 35. Bb7 Nh5 (35... a5 {Kharitonov} 36. Bc6 $18) 36. Ke3
g5 37. Bxa6 Nf4 38. Bxb5 Nxg2+ 39. Kf2 Nf4 1-0

[Event "Olympiad-31"]
[Site "Moscow"]
[Date "1994.12.02"]
[Round "2.2"]
[White "Dreev, Alexey"]
[Black "Rodriguez Cespedes, Amador"]
[Result "1-0"]
[WhiteElo "2650"]
[BlackElo "2515"]
[Annotator "Dautov,R"]
[PlyCount "77"]
[EventDate "1994.12.01"]
[EventType "team-swiss"]
[EventRounds "14"]
[EventCountry "RUS"]
[SourceTitle "CBM 045"]
[Source "ChessBase"]
[SourceDate "1995.04.01"]
[SourceVersion "1"]
[SourceVersionDate "1995.04.01"]
[SourceQuality "1"]
[WhiteTeam "Russia"]
[BlackTeam "Cuba"]
[WhiteTeamCountry "RUS"]
[BlackTeamCountry "CUB"]

1. d4 Nf6 2. c4 e6 3. Nf3 b6 4. Nc3 Bb7 5. a3 d5 6. Qc2 Be7 7. cxd5 Nxd5 8. Bd2
O-O 9. e4 Nxc3 10. Bxc3 c5 11. dxc5 bxc5 12. Rd1 Qc7 13. Qa4 $1 {N} (13. Bd3
Nd7 14. O-O Rfd8 15. Rfe1 Nb6 (15... h6 16. Bb5 $1 Nf6 17. Rxd8+ Rxd8 18. Qa4
a6 19. Bf1 Qf4 20. Be5 Qg4 21. h3 Qg6 22. Bc7 Rc8 23. Bh2 Bxe4 24. Ne5 Qf5 25.
Qxa6 $16 {Sokolov,I-Hansen,Cu/Groningen PCA/1993}) 16. Bf1 Rxd1 17. Rxd1 Qc6
18. Nd2 Rd8 19. Be2 h6 $10 {Nogueiras-Granda Zuniga/Biel izt/1993}) 13... Qf4 (
13... Bc6 14. Bb5 Bxb5 15. Qxb5 Nc6 16. O-O Rab8 17. Qa4 $14) (13... Nc6 14.
Ba6 Rad8 15. O-O Ba8 $14) (13... Rd8 $5 14. Rxd8+ Qxd8 15. Bb5 $1 a6 16. Be2 (
16. Be8 $2 Kf8 17. O-O Bf6 $1 (17... Qxe8 $4 18. Bxg7+ $18) 18. Bxf6 gxf6 19.
Qb3 Bxe4 $15) 16... Nd7 (16... Bc6 $5 17. Qc2 Nd7 18. O-O Qb6 19. Nd2 $14) 17.
O-O Nb6 18. Qc2 Qc7 19. Ba5 $14 {><b6}) 14. Bd3 Bc6 15. Qc2 Nd7 16. O-O Rfd8
17. Rfe1 Qc7 (17... Nb6 $6 18. Be5 Qg4 19. Bg3 {/\Ne5} f6 20. Nd2 Bb7 21. f3
Qg6 22. Nc4 $16 {><c5,e6}) 18. Nd2 Nb6 19. b3 Rd7 20. Nc4 $14 Nxc4 21. Bxc4
Rxd1 $6 (21... Rad8 22. Rxd7 Rxd7 23. Qe2 Qb7 (23... Qf4 24. g3 Qc7 25. Qg4 Bf8
$14) 24. Qg4 Bf8 25. a4 $1 $14 (25. Re3 Bb5 $132)) 22. Qxd1 Bd6 (22... Rd8 23.
Qg4 Bf8 24. Re3 $40 {/\Rg3}) 23. Qh5 Bf8 24. Qe5 $1 Qxe5 25. Bxe5 Rd8 26. f3
$16 {><a7,c5} Be7 (26... Rd2 27. Rc1 Ra2 28. a4 Rd2 29. Bb8 Rd7 30. Kf2 $16)
27. Kf2 Kf8 (27... Rd2+ 28. Re2 Rxe2+ 29. Kxe2 Bd8 30. Bd6 Bb6 31. Kd3 $18 {
/\Ba6,Kc4}) 28. Ke2 g6 29. Rc1 Ke8 30. Ba6 {/\b4} Kd7 31. Kd3 (31. Rd1+ Ke8 32.
Rxd8+ Bxd8 (32... Kxd8 $2 33. Bb8) 33. Bd6 Bb6 34. Kd3 Kd7 35. Bf8 f5 $132)
31... Bd6 32. Bf6 (32. Bxd6 Kxd6 33. Kc4 Rb8 34. Rd1+ Kc7 $13 {/\Rb6}) 32...
Rb8 (32... Be7 $5 33. Bxe7 Kxe7+ 34. Kc4 Rb8 35. a4 Bb7 $1 (35... Rb4+ $2 36.
Kxc5 Rxb3 37. Bc4 Rb6 38. a5 $18) 36. Bxb7 Rxb7 37. Rd1 Rb4+ 38. Kc3 f6 $10)
33. Kc3 Bb5 34. Bxb5+ Rxb5 35. Rd1 Kc6 36. Kc4 Rb8 (36... Ra5 $2 37. a4 Ra6 38.
Bd8 $16 {צa6}) 37. e5 Bf8 (37... Bc7 38. f4 h6 39. h4 {/\Be7}) 38. Bh4 a6 39.
g4 $16 (39. g4 Rc8 40. Bf6 Rb8 41. h4 Rc8 (41... a5 $2 42. Rd8 Rxd8 43. Bxd8
$18) 42. h5 Rb8 43. f4 (43. hxg6 fxg6 $1) 43... Rc8 44. Bh4 Rb8 45. f5 $1 gxf5
46. gxf5 exf5 47. Rf1 Kd7 48. Rxf5 Ke6 49. Rf6+ Kxe5 50. Rxf7 $16) 1-0